Statistics for Largest U.S. Cities Beginning With B - 1950

Click here to take the quiz!

General Stats

  • This quiz has been taken 51 times
  • The average score is 13 of 20

Answer Stats

Pop.StateHintAnswer% Correct
949,708MarylandChesapeake BayBaltimore
100%
801,444MassachusettsTea PartyBoston
100%
125,629LouisianaState capitalBaton Rouge
98%
326,037AlabamaMartin Luther King Jr. wrote a letter while imprisoned hereBirmingham
98%
580,132New YorkNamed after a wild mammalBuffalo
96%
66,340PennsylvaniaNamed after Jesus Christ's birthplaceBethlehem
91%
113,805CaliforniaUniversity of CaliforniaBerkeley
78%
158,709ConnecticutMany parks and recreational areasBridgeport
78%
34,784California"Breadbasket of California"Bakersfield
73%
37,425MississippiSister city of GulfportBiloxi
67%
78,577CaliforniaDubbed "Media Capital of the World"Burbank
67%
35,086Texas94% hispanic populationBrownsville
62%
94,014TexasLocated near Port ArthurBeaumont
53%
35,961ConnecticutNamed after a city in EnglandBristol
51%
80,674New YorkChenango and Susquehanna riversBinghamton
49%
48,666MichiganKellogg'sBattle Creek
47%
62,860MassachusettsLargest majority African-American city in New EnglandBrockton
44%
77,203New JerseyNYC suburbBayonne
38%
52,523MichiganPort city on Lake HuronBay City
36%
51,280IllinoisChicago suburbBerwyn
18%

Score Distribution

Percentile by Number Answered

Percent of People with Each Score

Your Score History

You have not taken this quiz